Petit traite de manipulation a l'usage des honnetes gens / (Record no. 110424)

MARC details
000 -LEADER
campo de control de longitud fija 01169cam a2200373Mi 4500
001 - NÚMERO DE CONTROL
campo de control 50345
005 - FECHA Y HORA DE LA ÚLTIMA TRANSACCIÓN
campo de control 20230411090002.0
008 - DATOS DE LONGITUD FIJA--INFORMACIÓN GENERAL
campo de control de longitud fija 020617s2002 fr 000 0 fre d
035 ## - NÚMERO DE CONTROL DEL SISTEMA
Número de control de sistema (OCoLC)ocm50477873
040 ## - FUENTE DE CATALOGACIÓN
Centro catalogador/agencia de origen TZT
Centro/agencia transcriptor TZT
Centro/agencia modificador LVB
-- OCLCQ
-- RLINP
020 ## - NÚMERO INTERNACIONAL ESTÁNDAR DEL LIBRO
Número Internacional Estándar del Libro 2706110449
020 ## - NÚMERO INTERNACIONAL ESTÁNDAR DEL LIBRO
Número Internacional Estándar del Libro 9782706110443
029 0# - OTRO NÚMERO DE CONTROL DE SISTEMA (OCLC)
Identificador de la biblioteca OCLC TZT
Número de control de sistema JTL00094247
035 ## - NÚMERO DE CONTROL DEL SISTEMA
Número de control de sistema (OCoLC)50477873
072 #7 - CÓDIGO DE CATEGORÍA DE MATERIA
Código de categoría de materia HM
Fuente lcco
082 14 - NÚMERO DE LA CLASIFICACIÓN DECIMAL DEWEY
Número de clasificación 300
Número de edición 1
049 ## - FONDOS LOCALES (OCLC)
Biblioteca depositaria GRAL
100 1# - ENTRADA PRINCIPAL--NOMBRE DE PERSONA
Nombre de persona Joule, Robert-Vincent.
245 10 - MENCIÓN DEL TÍTULO
Título Petit traite de manipulation a l'usage des honnetes gens /
Mención de responsabilidad, etc. Robert-Vincent Joule, Jean-Leon Beauvois.
250 ## - MENCION DE EDICION
Mención de edición Nouv. version.
260 ## - PUBLICACIÓN, DISTRIBUCIÓN, ETC.
Lugar de publicación, distribución, etc. Grenoble :
Nombre del editor, distribuidor, etc. Presses universitaires de Grenoble,
Fecha de publicación, distribución, etc. 2002.
300 ## - DESCRIPCIÓN FÍSICA
Extensión 286 p.
653 ## - TÉRMINO DE INDIZACIÓN--NO CONTROLADO
Término no controlado Manipulation
-- Social Psychology
650 #6 - PUNTO DE ACCESO ADICIONAL DE MATERIA--TÉRMINO DE MATERIA
Término de materia o nombre geográfico como elemento de entrada Manipulation (Psychologie)
650 #6 - PUNTO DE ACCESO ADICIONAL DE MATERIA--TÉRMINO DE MATERIA
Término de materia o nombre geográfico como elemento de entrada Engagement.
650 #6 - PUNTO DE ACCESO ADICIONAL DE MATERIA--TÉRMINO DE MATERIA
Término de materia o nombre geográfico como elemento de entrada Psychologie sociale.
650 #7 - PUNTO DE ACCESO ADICIONAL DE MATERIA--TÉRMINO DE MATERIA
Término de materia o nombre geográfico como elemento de entrada Persuasion (psychologie)
Fuente del encabezamiento o término ram
650 #7 - PUNTO DE ACCESO ADICIONAL DE MATERIA--TÉRMINO DE MATERIA
Término de materia o nombre geográfico como elemento de entrada Influence (psychologie)
Fuente del encabezamiento o término ram
650 #7 - PUNTO DE ACCESO ADICIONAL DE MATERIA--TÉRMINO DE MATERIA
Término de materia o nombre geográfico como elemento de entrada Manipulation (psychologie)
Fuente del encabezamiento o término ram
700 1# - ENTRADA AGREGADA--NOMBRE PERSONAL
Nombre de persona Beauvois, Jean-Lâeon.
938 ## -
-- Jean Touzot Libraire Editeur
-- TOUZ
-- JTL00094247
-- 19,90 EURO
942 ## - ELEMENTOS DE ENTRADA SECUNDARIOS (KOHA)
Fuente del sistema de clasificación o colocación Clasificación de Library of Congress
Tipo de ítem Koha
994 ## -
-- C0
-- DRFGD
Holdings
Estatus retirado Estado de pérdida Fuente del sistema de clasificación o colocación Estado de daño No para préstamo Colección Biblioteca de origen Biblioteca actual Ubicación en estantería Fecha de adquisición Código de barras Visto por última vez Copia número Tipo de ítem Koha
    Clasificación de Library of Congress     Automatización y Procesos Técnicos Biblioteca Juan Bosch Biblioteca Juan Bosch Automatización y Procesos Técnicos (1er. Piso) 11/04/2023 00000052396 17/02/2019 1